00474nam a2200145 a 450000500170000000800410001702000150005805000230007310000200009624501010011626000540021730000210027152100090029265000270030120140311163002.0020820s19uu xx 00 eng d a0809227916 aHD 66b.Sk577 1998 aSkopec, Eric W. aHow to use team building to foster innovation :cEric W. Skopec.bthroughout your organization / aUSA :bContemporary Publishing Group Inc.,c1998. a179 p. :c23 cm. aBSBA aTeams in the workplace